[Event "Open"]
[Site "Szombathely HUN"]
[Date "2010.07.31"]
[Round "5"]
[White "Makk,R"]
[Black "Dudas,E"]
[Result "1-0"]
[WhiteElo "2243"]
[BlackElo "2220"]

1.e4 e6 2.d4 d5 3.Nd2 Be7 4.Bd3 c5 5.dxc5 Nf6 6.Qe2 Nc6 7.Ngf3 Bxc5 8.O-O Qc7
9.exd5 Nxd5 10.Ne4 Be7 11.c4 Nf4 12.Bxf4 Qxf4 13.Rfd1 O-O 14.Rac1 f5 15.Nc3 Rf6
16.Qd2 Qxd2 17.Rxd2 b6 18.Bf1 Rf8 19.g3 e5 20.Nd5 Bd8 21.c5 e4 22.Bb5 Bb7
23.Bxc6 Bxc6 24.Ne5 Bxd5 25.Rxd5 Bg5 26.Rcd1 bxc5 27.Nd7 Rf7 28.Nxc5 g6 29.Nxe4 Be7
30.Nd6 Rf6 31.Nc4 f4 32.Rd7 Bc5 33.Rd8+ Rxd8 34.Rxd8+ Kg7 35.Rd5 Bb6 36.Nxb6 Rxb6
37.b3 fxg3 38.hxg3 Ra6 39.Rd2 Kf6 40.f3 h6 41.Kf2 h5 42.Ke3 Ke5 43.Rc2 Rd6
44.Rc5+ Ke6 45.b4 Kd7 46.a4 Rb6 47.b5 a6 48.Kf4 axb5 49.Rxb5 Re6 50.Kg5 Kc7
51.a5 Re3 52.Kxg6 Rxf3 53.Rg5  1-0

[Event "Politiken Cup"]
[Site "Copenhagen DEN"]
[Date "2010.08.01"]
[Round "2"]
[White "Greeuw,S"]
[Black "Nilsson,Anders1"]
[Result "1/2-1/2"]
[WhiteElo "1970"]
[BlackElo "2160"]

1.d4 e6 2.e4 d5 3.Nd2 Nc6 4.c3 e5 5.Bb5 exd4 6.Qe2 Ne7 7.Ngf3 dxc3 8.bxc3 Be6
9.O-O a6 10.Ba4 g6 11.Ba3 b5 12.Bb3 Na5 13.Bxe7 Bxe7 14.Bxd5 Bxd5 15.exd5 O-O
16.Rad1 Bf6 17.Ne4 Bg7 18.Rfe1 Nc4 19.a4 Qd7 20.axb5 axb5 21.Nc5 Qd6 22.Ne4 Qd7
23.Nc5 Qd6 24.Ne4 Qb6 25.Nd4 Rfe8 26.Qc2 h6 27.Nc6 Kh7 28.h4 Ne5 29.Nd4 Rac8
30.Ne2 Ng4 31.Nf4 Be5 32.g3 Bxf4 33.gxf4 f5 34.Ng3 Qf6 35.h5 gxh5 36.Rxe8 Rxe8
37.Qxf5+ Qxf5 38.Nxf5 Rf8 39.d6 cxd6 40.Nxd6 Rxf4 41.Rd2 h4 42.Kg2 b4 43.cxb4 Rxb4
44.Nf5 Rf4 45.Rd7+ Kh8  1/2-1/2

[Event "36th Open"]
[Site "Badalona ESP"]
[Date "2010.08.03"]
[Round "2"]
[White "Marie,M"]
[Black "Bhat,V"]
[Result "0-1"]
[WhiteElo "2267"]
[BlackElo "2536"]

1.e4 e6 2.d4 d5 3.Nd2 Nc6 4.Ngf3 Nf6 5.e5 Nd7 6.Be2 Be7 7.Nf1 O-O 8.Ng3 f6
9.exf6 Bxf6 10.Nh5 e5 11.dxe5 Ndxe5 12.O-O Be7 13.Nxe5 Nxe5 14.Qd4 Rf5 15.g4 c5
16.Qc3 d4 17.Qg3 Bh4 18.Qg2 Rf8 19.f4 d3 20.cxd3 Qd4+ 21.Kh1 Nxd3 22.Bd2 Nxb2
23.Bf3 Nd3 24.Qe2 Bd7 25.Be3 Qd6 26.Rad1 c4 27.Qc2 Rac8 28.Qc3 Rf7 29.Bxb7 Bxg4
30.Rxd3 Qxd3 31.Qxd3 cxd3 32.Bxc8 Bxc8 33.Ng3 Re7 34.Bc1 Bb7+ 35.Kg1 Bf6
36.Rd1 Re2 37.Nf5 Rg2+ 38.Kf1 Rxh2  0-1

[Event "97th ch-GBR"]
[Site "Canterbury ENG"]
[Date "2010.08.03"]
[Round "8"]
[White "Josse,Mar"]
[Black "Rendle,T"]
[Result "0-1"]
[WhiteElo "2128"]
[BlackElo "2391"]

1.e4 e6 2.d4 d5 3.Nd2 a6 4.Bd3 c5 5.dxc5 Bxc5 6.Ngf3 Ne7 7.O-O Nbc6 8.a3 O-O
9.exd5 exd5 10.b4 Ba7 11.Bb2 Ng6 12.c4 dxc4 13.Bxc4 b5 14.Ba2 Bb7 15.Nb3 Nf4
16.Bb1 Qc8 17.Ng5 Rd8 18.Qc2 Rd3 19.Bc1 Qg4 20.Bxf4 Nd4 21.Bg3 Nxc2  0-1

[Event "49th WJun"]
[Site "Chotowa POL"]
[Date "2010.08.03"]
[Round "1"]
[White "Sreeves,C"]
[Black "Pacher,M"]
[Result "0-1"]
[WhiteElo "2085"]
[BlackElo "2417"]

1.e4 e6 2.d4 d5 3.Nd2 Nc6 4.Ngf3 Nf6 5.e5 Nd7 6.Nb3 f6 7.Bb5 fxe5 8.dxe5 Nc5
9.Nfd4 Bd7 10.Bxc6 bxc6 11.Qh5+ g6 12.Qg4 Nxb3 13.axb3 c5 14.Bg5 Be7 15.Nf3 O-O
16.h4 Rf5 17.O-O-O a5 18.Bxe7 Qxe7 19.h5 g5 20.Nh4 Rf4 21.Qg3 a4  0-1

[Event "28th WJun Girls"]
[Site "Chotowa POL"]
[Date "2010.08.03"]
[Round "1"]
[White "Ferreira,Su"]
[Black "Baciu,D"]
[Result "0-1"]
[WhiteElo "1726"]
[BlackElo "2127"]

1.e4 e6 2.d4 d5 3.Nd2 Be7 4.Ngf3 Nf6 5.Bd3 c5 6.e5 Nfd7 7.c3 b6 8.Qe2 Nc6
9.a3 O-O 10.Nf1 Re8 11.Ng3 Nf8 12.O-O a5 13.b3 Bb7 14.Be3 cxd4 15.cxd4 Na7
16.h3 Qd7 17.Bg5 Bc6 18.Bxe7 Rxe7 19.a4 b5 20.Bc2 Nc8 21.Rfb1 bxa4 22.bxa4 Qa7
23.Bd3 Nb6 24.Bb5 Rc7 25.Qd3 Rac8 26.Nd2 Bxb5 27.Qxb5 Nc4 28.Nxc4 Rxc4 29.Ne2 h6
30.Qb7 Rc1+ 31.Kh2 Qxb7 32.Rxb7 Rxa1  0-1

[Event "111th US Open"]
[Site "Irvine USA"]
[Date "2010.08.03"]
[Round "4"]
[White "High,David"]
[Black "Kretchetov,A"]
[Result "1/2-1/2"]
[WhiteElo "1886"]
[BlackElo "2391"]

1.e4 e6 2.d4 d5 3.Nd2 Be7 4.Ngf3 Nf6 5.Bd3 c5 6.exd5 Qxd5 7.dxc5 Bxc5 8.O-O O-O
9.Qe2 Nc6 10.Ne4 Nxe4 11.Qxe4 Qxe4 12.Bxe4 Bd7 13.Bf4 Rfd8 14.Rad1 Rac8 15.Rd2 Be8
16.Rfd1 Rxd2 17.Rxd2 f6 18.h3 Kf8 19.g4 g6 20.c3 e5 21.Be3 Bxe3 22.fxe3 Na5
23.Bd5 Nc4 24.Bxc4 Rxc4 25.Kf2 Ke7 26.g5 fxg5 27.Nxg5 Rh4 28.Kg3 Rh5 29.h4 Bc6
30.Rf2 h6 31.Nf3 Rf5 32.Nd2 Rxf2 33.Kxf2 Kf6 34.e4 Bd7 35.Kg3 Be6 36.b3 Ke7
37.Nf3 Kd6 38.Kf2 b5 39.Ke3 a5 40.Kd3 Bh3 41.Ke3 Bg4 42.Nh2 Be6 43.Nf3 a4
44.bxa4 bxa4 45.a3 Bg4 46.Nd2 Kc5 47.Kf2 Bd1 48.Kg3 g5 49.hxg5 hxg5 50.Kf2 g4
51.Kg3 Bf3 52.Kf2  1/2-1/2

[Event "97th ch-GBR"]
[Site "Canterbury ENG"]
[Date "2010.08.04"]
[Round "9"]
[White "Wells,P"]
[Black "McMichael,R"]
[Result "1-0"]
[WhiteElo "2488"]
[BlackElo "2287"]

1.d4 e6 2.e4 d5 3.Nd2 Be7 4.c3 dxe4 5.Nxe4 Bd7 6.Qg4 Kf8 7.Nf3 Bc6 8.Ne5 Nf6
9.Nxf6 Bxf6 10.h4 Bxe5 11.dxe5 Qd5 12.Be3 Qe4 13.Qxe4 Bxe4 14.O-O-O Ke8 15.h5 h6
16.Rh4 Bc6 17.Rg4 Nd7 18.Rxg7 Kf8 19.Rg3 Nxe5 20.Bc5+ Ke8 21.Bd4 f6 22.Bxe5 fxe5
23.Rg7 Rd8 24.Rxc7 Rf8 25.f3 Rxd1+ 26.Kxd1 Rf7 27.Rxf7 Kxf7 28.Bd3 Kf6 29.Be4 Bxe4
30.fxe4 Kg5 31.Ke2 Kxh5 32.Kf3 Kg5 33.a4 a5 34.b4 b6 35.bxa5 bxa5 36.c4 Kf6
37.Kg4  1-0

[Event "Politiken Cup"]
[Site "Copenhagen DEN"]
[Date "2010.08.04"]
[Round "6"]
[White "Czarnota,D"]
[Black "Andersen,Ru2"]
[Result "1-0"]
[WhiteElo "2214"]
[BlackElo "2100"]

1.e4 e6 2.d4 d5 3.Nd2 Be7 4.Ngf3 Nf6 5.e5 Nfd7 6.Bd3 c5 7.O-O Nc6 8.Re1 g5
9.h3 h5 10.c4 Nb6 11.dxc5 Nxc4 12.Bxc4 g4 13.Bb5 gxf3 14.Nxf3 Bxc5 15.Ng5 Bxf2+
16.Kxf2 Qb6+ 17.Be3 Qxb5 18.Qf3 Nxe5 19.Qf6 Qxb2+ 20.Kg1 Rg8 21.Rab1 Qc3
22.Rbc1 Qb2 23.Kh1 Rg6 24.Qh8+ Kd7 25.Qf8 b6 26.Bf4 Bb7 27.Rc7+ Kxc7 28.Bxe5+ Kc6
29.Qd6+ Kb5 30.Bxb2 e5 31.Qxe5 Rag8 32.Rb1 Rxg5 33.Bc1+  1-0

[Event "111th US Open"]
[Site "Irvine USA"]
[Date "2010.08.04"]
[Round "?"]
[White "Hall,B"]
[Black "Sadorra,J"]
[Result "0-1"]
[WhiteElo "2009"]
[BlackElo "2473"]

1.e4 e6 2.d4 d5 3.Nd2 Be7 4.Ngf3 Nf6 5.e5 Nfd7 6.Bd3 c5 7.c3 Nc6 8.O-O g5
9.b4 cxb4 10.cxb4 Nxb4 11.Be2 Nf8 12.Nb3 Ng6 13.Be3 Nc6 14.Ne1 b6 15.Rc1 Bb7
16.Nd3 Nh4 17.f4 Nf5 18.Bf2 Rg8 19.Kh1 Qd7 20.g4 Nh4 21.Bg3 Ba6 22.h3 Bc4
23.Bf2 Qb7 24.Ne1 Ng6 25.Ng2 Nxf4 26.Nxf4 gxf4 27.Kh2 b5 28.Bd3 Nb4 29.Bxc4 dxc4
30.Nc5 Bxc5 31.dxc5 Nd3 32.c6 Qc7 33.Rc2 Rd8 34.Qf3 Nxe5 35.Qe4 Rg6 36.Rb1 Rd5
37.Bh4 Rh6 38.Bg5 Nxg4+ 39.Kg1 Rxg5  0-1

[Event "111th US Open"]
[Site "Irvine USA"]
[Date "2010.08.04"]
[Round "?"]
[White "Mo,Kevin"]
[Black "Bercys,S"]
[Result "0-1"]
[WhiteElo "1964"]
[BlackElo "2418"]

1.e4 e6 2.d4 d5 3.Nd2 Be7 4.Bd3 c5 5.dxc5 Nf6 6.Qe2 O-O 7.Ngf3 a5 8.O-O Na6
9.e5 Nd7 10.c3 Naxc5 11.Bc2 b6 12.Re1 f6 13.Nf1 Ba6 14.Qd1 fxe5 15.Nxe5 Nxe5
16.Rxe5 Rf7 17.Ng3 Bf6 18.Re1 e5 19.Nh5 e4 20.Nxf6+ Qxf6 21.Be3 Qf5 22.Qd4 Bd3
23.Bb3 Rd7 24.Red1 a4  0-1

[Event "97th ch-GBR"]
[Site "Canterbury ENG"]
[Date "2010.08.05"]
[Round "10"]
[White "Pert,R"]
[Black "Rendle,T"]
[Result "1-0"]
[WhiteElo "2460"]
[BlackElo "2391"]

1.e4 e6 2.d4 d5 3.Nd2 Be7 4.Bd3 c5 5.dxc5 Nf6 6.Qe2 Nc6 7.Ngf3 Nb4 8.O-O Nxd3
9.cxd3 Bxc5 10.Nb3 Be7 11.Bg5 Qb6 12.e5 Ng8 13.Be3 Qb4 14.Nfd4 Nh6 15.Rac1 Nf5
16.Nxf5 exf5 17.Rc7 Bd8 18.Rc3 b6 19.Nd4 O-O 20.a3 Qa4 21.Qf3 Qd7 22.Rfc1 Re8
23.Qg3 Bb7 24.e6 Rxe6 25.Nxe6 Qxe6 26.Bd4 g6 27.Qe5 Qxe5 28.Bxe5 f6 29.Bc7 Ba6
30.Bxd8 Rxd8 31.d4 Re8 32.Re3 Re4 33.Rxe4 fxe4 34.Rc7 f5 35.Rxa7 Bc4 36.Rb7 b5
37.b3 Bxb3 38.Rxb5 Bc4 39.Rb7  1-0

[Event "49th WJun"]
[Site "Chotowa POL"]
[Date "2010.08.05"]
[Round "3"]
[White "Aguirre Manzo,L"]
[Black "Larmuseau,Mi"]
[Result "1-0"]
[WhiteElo "2203"]
[BlackElo "2068"]

1.e4 e6 2.d4 d5 3.Nd2 Be7 4.Ngf3 Nf6 5.Bd3 c5 6.e5 Nfd7 7.c3 b6 8.O-O Ba6
9.Bxa6 Nxa6 10.Re1 O-O 11.Nf1 Nc7 12.Ng3 a5 13.Nh5 Rb8 14.h4 f6 15.g3 fxe5
16.Nxe5 Nxe5 17.Rxe5 Bd6 18.Rg5 g6 19.Qg4 Kh8 20.Nf4 Bxf4 21.Bxf4 Rf5 22.Be5+ Kg8
23.Rxg6+  1-0

[Event "Open"]
[Site "Olomouc CZE"]
[Date "2010.08.06"]
[Round "3"]
[White "Cajbel,M"]
[Black "Weber,Mart"]
[Result "0-1"]
[WhiteElo "2241"]
[BlackElo "2136"]

1.e4 e6 2.d4 d5 3.Nd2 Nc6 4.Ngf3 Nf6 5.e5 Nd7 6.c3 f6 7.exf6 Nxf6 8.Bd3 Bd6
9.O-O O-O 10.Re1 Ng4 11.h3 Nh6 12.b4 Qf6 13.b5 Ne7 14.Nf1 Nf7 15.Qe2 Ng6
16.Ng3 Nh4 17.Nxh4 Qxh4 18.Qc2 e5 19.Nf5 Bxf5 20.Bxf5 Rae8 21.Be3 e4 22.Qb3 c6
23.bxc6 bxc6 24.Bd7 Ng5 25.Bxe8 Nxh3+ 26.gxh3 Qxh3 27.Bd7 Qxd7 28.Kf1 Qh3+
29.Ke2 Rxf2+ 30.Kxf2 Qf3+ 31.Kg1 Qg3+ 32.Kf1 Qf3+ 33.Bf2 Qh3+ 34.Kg1 Bh2+
35.Kh1 Bg3+  0-1

[Event "IM3 Ave-Kontakt Cup"]
[Site "Olomouc CZE"]
[Date "2010.08.06"]
[Round "3"]
[White "Vrana,J"]
[Black "Jurek,J"]
[Result "1/2-1/2"]
[WhiteElo "2346"]
[BlackElo "2352"]

1.e4 e6 2.d4 d5 3.Nd2 a6 4.c3 c5 5.exd5 exd5 6.Ngf3 Nf6 7.Be2 Nc6 8.dxc5 Bxc5
9.Nb3 Bb6 10.O-O O-O 11.Nfd4 Re8 12.Bg5 h6 13.Bh4 g5 14.Bg3 Ne4 15.Bd3 Qf6  1/2-1/2

[Event "28th WJun Girls"]
[Site "Chotowa POL"]
[Date "2010.08.07"]
[Round "5"]
[White "Heredia Serrano,C"]
[Black "Cori T.,D"]
[Result "1-0"]
[WhiteElo "2080"]
[BlackElo "2403"]

1.e4 e6 2.d4 d5 3.Nd2 Be7 4.e5 c5 5.Qg4 Kf8 6.dxc5 Nc6 7.Ngf3 h5 8.Qa4 g5
9.h3 Qc7 10.Nb3 Bd7 11.Bb5 Nh6 12.Be3 Nf5 13.O-O-O Nxe3 14.fxe3 Kg7 15.Rhf1 b6
16.h4 bxc5 17.Nxg5 Bxg5 18.hxg5 c4 19.Nc5 a6 20.Bxc4 Nxe5 21.Nxd7 Nxc4 22.b3 Rhd8
23.bxc4 Rxd7 24.cxd5 exd5 25.Qd4+ Kg8 26.Rf6 Rc8 27.Rd2 Qc4 28.Qxc4 Rxc4
29.g6 fxg6 30.Rxg6+ Kh7 31.Rg5 Kh6 32.Rgxd5 Re7 33.R5d4 Rc3 34.R4d3 Rc4 35.Rd4 Rc3
36.R4d3 Rc4 37.Re2 Kg5 38.Kd2 Rec7 39.c3 Ra4 40.Rd5+ Kg6 41.Kd3  1-0

[Event "19th Open"]
[Site "Kavala GRE"]
[Date "2010.08.07"]
[Round "9"]
[White "Deepan,C"]
[Black "Aginian,N"]
[Result "1-0"]
[WhiteElo "2498"]
[BlackElo "2290"]

1.e4 e6 2.d4 d5 3.Nd2 a6 4.Ngf3 c5 5.exd5 exd5 6.Be2 Nf6 7.O-O Bd6 8.dxc5 Bxc5
9.Nb3 Bb6 10.Bg5 Be6 11.Nfd4 O-O 12.c4 Nbd7 13.Rc1 Rc8 14.Nxe6 fxe6 15.Nd4 Qe8
16.cxd5 Rxc1 17.Bxc1 exd5 18.Be3 Bc7 19.Nf3 Qh5 20.Bd4 Qh6 21.g3 Ng4 22.h4 Qd6
23.Qb3 Re8 24.Qxb7 Rxe2 25.Qc8+ Kf7 26.Rc1 Nxf2 27.Rxc7 Qxg3+ 28.Kf1 Re7
29.Rxd7 Ne4 30.Ne5+ Ke6 31.Rd6+  1-0

[Event "Arctic Chess Challenge"]
[Site "Tromso NOR"]
[Date "2010.08.07"]
[Round "8"]
[White "Shytaj,L"]
[Black "Bartel,Mat"]
[Result "0-1"]
[WhiteElo "2466"]
[BlackElo "2613"]

1.e4 e6 2.d4 d5 3.Nd2 a6 4.Ngf3 Nf6 5.e5 Nfd7 6.Bd3 c5 7.c3 Nc6 8.O-O g5
9.dxc5 g4 10.Nd4 Ndxe5 11.N2b3 Nxd3 12.Qxd3 e5 13.Re1 Bg7 14.Bf4 f6 15.Nxc6 bxc6
16.c4 O-O 17.Bg3 Be6 18.cxd5 Qxd5 19.Qc3 Rfd8 20.Re2 Qd3 21.Qxd3 Rxd3 22.Na5 Bd5
23.b4 f5 24.Re3 e4 25.Rxd3 exd3 26.Rd1 Re8 27.f3 Bd4+ 28.Bf2 d2 29.Kf1 Bc3  0-1

[Event "111th US Open"]
[Site "Irvine USA"]
[Date "2010.08.08"]
[Round "9"]
[White "Safin,A"]
[Black "Abrahamyan,T"]
[Result "1-0"]
[WhiteElo "2153"]
[BlackElo "2310"]

1.e4 e6 2.d4 d5 3.Nd2 Be7 4.Bd3 c5 5.dxc5 Nf6 6.Qe2 O-O 7.Ngf3 a5 8.O-O Na6
9.exd5 Nxd5 10.Ne4 Nxc5 11.Nxc5 Bxc5 12.c4 Nf6 13.Bg5 Be7 14.Rad1 Qc7 15.Bh4 Bd7
16.Bg3 Qb6 17.Ne5 Bc6 18.Nxc6 bxc6 19.Be5 Rfd8 20.Bc3 Nd7 21.Qe4 g6 22.Be2 Bb4
23.Bd4 Bc5 24.Bf3 Bxd4 25.Rxd4 Rac8 26.Rfd1 Nc5 27.Qe5 Rf8 28.Rd6 f6 29.Qe3 e5
30.b3 a4 31.h4 axb3 32.axb3 Qb4 33.h5 e4 34.Bg4 Rc7 35.hxg6 hxg6 36.Qh6 Rh7
37.Qxg6+ Rg7 38.Qh5 Qxb3 39.Rxc6 Rg5 40.Qh4 Qb7 41.Rxc5 Rxc5 42.Be6+ Rf7
43.Rd8+ Kg7 44.Rh8  1-0

[Event "85th ch-FRA"]
[Site "Belfort FRA"]
[Date "2010.08.09"]
[Round "1"]
[White "Degraeve,JM"]
[Black "Bricard,E"]
[Result "0-1"]
[WhiteElo "2569"]
[BlackElo "2478"]

1.e4 e6 2.d4 d5 3.Nd2 Be7 4.Ngf3 Nf6 5.Bd3 c5 6.e5 Nfd7 7.c3 b6 8.O-O Ba6
9.Ne1 Qc8 10.Qg4 O-O 11.Ndf3 f5 12.exf6 Nxf6 13.Qh3 Ne4 14.Ne5 Bf6 15.Bxa6 Nxa6
16.N1f3 Nc7 17.Bf4 Ne8 18.Rfe1 N8d6 19.Ng4 Be7 20.Bxd6 Bxd6 21.Re2 a5 22.a3 Ra7
23.Rae1 Rc7 24.Nfe5 cxd4 25.cxd4 Rc2 26.Nd3 Rxe2 27.Rxe2 Bf4 28.Ne3 Bg5 29.Rc2 Qe8
30.Ng4 Qa4 31.Nge5 Re8 32.b3 Qxa3 33.g3 h6 34.Rc6 Qa1+ 35.Kg2 Nd2 36.Rc1 Qxd4
37.f3 Nc4 38.Re1 Nxe5 39.Nxe5 Qd2+ 40.Kf1 Be3 41.Ng4 Bc5 42.Qh5 Re7 43.f4 Qd3+
44.Kg2 Qc2+ 45.Kf1 Qf5 46.Qh4 Qd3+ 47.Kg2 Qxb3 48.Kh3 Qd3 49.Ne5 Qf5+ 50.Kg2 a4
51.Re2 a3 52.g4 Qb1 53.g5 a2  0-1

[Event "Troya Open"]
[Site "Canakkale TUR"]
[Date "2010.08.09"]
[Round "3"]
[White "Abdulov,Or"]
[Black "Nalbantoglu,H"]
[Result "1-0"]
[WhiteElo "2295"]
[BlackElo "2047"]

1.e4 e6 2.d4 d5 3.Nd2 Nc6 4.Ngf3 Nf6 5.e5 Nd7 6.c3 f6 7.Bb5 a5 8.Qe2 fxe5
9.Nxe5 Ndxe5 10.Qxe5 Qd6 11.Nf3 Bd7 12.Qg5 Be7 13.Qxg7 O-O-O 14.Ne5 Rhg8
15.Qxg8 Nxe5 16.Bxd7+ Nxd7 17.Qg3 Qa6 18.Bf4 Nf6 19.O-O-O Ne4 20.Qe3 Rf8
21.g3 e5 22.dxe5 Bc5 23.Qd3 Qxd3 24.Rxd3 Nxf2 25.Rxd5 Rxf4 26.gxf4 Be3+ 27.Kc2 Nxh1
28.e6 c6 29.e7  1-0

[Event "Open"]
[Site "Minsk BLR"]
[Date "2010.08.09"]
[Round "6"]
[White "Bakin,A"]
[Black "Podolchenko,E"]
[Result "1/2-1/2"]
[WhiteElo "2247"]
[BlackElo "2514"]

1.e4 e6 2.d4 d5 3.Nd2 Nc6 4.Ngf3 Nf6 5.e5 Nd7 6.c4 dxc4 7.Nxc4 Nb6 8.a3 Be7
9.Bd3 h6 10.O-O g5 11.Be3 Nd5 12.b4 a6 13.Nfd2 b6 14.Nb3 Bb7 15.Rc1 Qd7 16.Qe2 Na7
17.Rfd1 Nb5 18.Qd2  1/2-1/2

[Event "Tch-ESP CECLUB GpB"]
[Site "Burguillos ESP"]
[Date "2010.08.10"]
[Round "2"]
[White "Suarez Real,A"]
[Black "Pozo Vera,S"]
[Result "1/2-1/2"]
[WhiteElo "2395"]
[BlackElo "2453"]

1.e4 e6 2.d4 d5 3.Nd2 Be7 4.Ngf3 Nf6 5.Bd3 c5 6.e5 Nfd7 7.c3 Nc6 8.O-O g5
9.dxc5 g4 10.Nd4 Ndxe5 11.Bb5 Bxc5 12.Re1 Bd7 13.Bxc6 Nxc6 14.N2b3 Bxd4 15.cxd4 Qf6
16.Qxg4 O-O-O 17.Qf4 Qxf4 18.Bxf4 b6 19.Rac1 Kb7 20.Rc3 Rc8 21.Bd6 a5 22.Rf3 f5
23.Rd3 Rhg8 24.h3 Nd8 25.Rc1 Nf7 26.Bf4 a4 27.Rxc8 Rxc8 28.Nc1 Nh8 29.Bd2 Rc2
30.Bh6 Rxb2 31.Rc3 Ng6 32.a3 Rb1 33.Kh2 Bb5 34.g4 f4 35.h4 Rb2 36.Kg1 Nxh4
37.Bxf4 Ka6 38.Bg3 Ng6 39.Kg2 Bc4 40.Bd6 Rd2 41.Re3 Rxd4 42.Rxe6 Rxg4+ 43.Kf3 Rg1
44.Ne2 Nh4+ 45.Kf4 Rg6 46.Nd4 Rxe6 47.Nxe6 Kb7 48.Nd4 Bd3 49.Kg5 Ng2 50.f4 Ne3
51.f5 h6+ 52.Kxh6 Bxf5 53.Bf4 Ng4+ 54.Kg5 Bd7 55.Bd6 Ne3 56.Kf6 Nc4 57.Bb4 Bh3
58.Ke7 Bg4 59.Nb5 Kc6 60.Nd4+ Kb7 61.Nb5 Ne3 62.Nd4 Bh3 63.Kd6 Bg2 64.Kd7 Be4
65.Kd6 Nc4+ 66.Kd7 Ne5+ 67.Kd6 Nd3 68.Bd2 Nc5 69.Bb4 Nd3 70.Bd2 Ka6 71.Kc6 Nc5
72.Kd6 Nb3 73.Bc3 Nc5 74.Bb4 Nd3 75.Bc3 Bg2 76.Bd2 Nb2 77.Bb4 Be4 78.Kc7 Nd3
79.Bc3 Nc1 80.Kd6 Nb3 81.Ke5 Na5 82.Bb4 Nb7 83.Ke6 Bg2 84.Kd7 Nc5+ 85.Kd6 Nb3
86.Ke5 Nc1 87.Bd2 Nd3+ 88.Kd6 Kb7 89.Bc3 Nc5 90.Bb4 Nb3 91.Bc3 Ka6 92.Ke5 Nc1
93.Kd6 Be4 94.Bd2 Nb3 95.Bc3 Nxd4 96.Bxd4 Kb5 97.Ke5 Bg2 98.Bf2 Kc6 99.Kd4 Kd6
100.Be1  1/2-1/2

[Event "FSGM August"]
[Site "Budapest HUN"]
[Date "2010.08.11"]
[Round "5"]
[White "Konnyu,J"]
[Black "Kislik,E"]
[Result "1-0"]
[WhiteElo "2401"]
[BlackElo "2342"]

1.e4 e6 2.d4 d5 3.Nd2 Be7 4.Bd3 c5 5.dxc5 Nf6 6.Qe2 Nc6 7.Ngf3 Bxc5 8.e5 Nd7
9.Nb3 Be7 10.c3 a5 11.O-O O-O 12.Bf4 Re8 13.Rad1 a4 14.Nbd4 Nc5 15.Bb1 Na5
16.b4 axb3 17.axb3 Nd7 18.h4 b6 19.Ng5 g6 20.Ngxe6 fxe6 21.Nxe6 Ba6 22.Qg4 Nf8
23.Nxd8 Raxd8 24.Rfe1 Nxb3 25.h5 Kg7 26.hxg6 hxg6 27.Bg5 Nc5 28.Re3 Rd7 29.Bf6+  1-0

[Event "7th CHN-RUS Rapid"]
[Site "Ningbo CHN"]
[Date "2010.08.11"]
[Round "5"]
[White "Timofeev,Arty"]
[Black "Zhou Jianchao"]
[Result "1-0"]
[WhiteElo "2690"]
[BlackElo "2668"]

1.e4 e6 2.d4 d5 3.Nd2 Be7 4.Ngf3 Nf6 5.e5 Nfd7 6.Bd3 c5 7.c3 Nc6 8.O-O h5
9.dxc5 Nxc5 10.Bc2 g5 11.Qe2 b6 12.b4 Nd7 13.Ba4 Bb7 14.Nb3 g4 15.Nfd4 Qc7
16.Bf4 a6 17.Bxc6 Bxc6 18.Rfe1 Bb7 19.Nf5 Qc4 20.Qe3 d4 21.Nbxd4 Qd5 22.f3 Bf8
23.Rad1 Qxa2 24.Qd3 gxf3 25.Rd2 Qa4 26.Bg5 f2+ 27.Rxf2 Rg8 28.h4 Rxg5 29.hxg5 exf5
30.e6 O-O-O 31.e7 Bxe7 32.Rxe7  1-0

[Event "Ramadan Master Open"]
[Site "Abu Dhabi UAE"]
[Date "2010.08.12"]
[Round "1"]
[White "Ankit,R"]
[Black "Grigoryan,Av"]
[Result "0-1"]
[WhiteElo "2362"]
[BlackElo "2584"]

1.e4 e6 2.d4 d5 3.Nd2 Nc6 4.Ngf3 Nf6 5.e5 Nd7 6.Be2 f6 7.exf6 Qxf6 8.Nf1 b6
9.Ne3 Bb7 10.O-O O-O-O 11.Re1 h6 12.Bb5 Bd6 13.Ng4 Qf5 14.Ne3 Qh5 15.h3 Rhf8
16.Ng4 Qf5 17.c3 h5 18.Ne3 Qf7 19.Qc2 Qg8 20.Ng5 g6 21.Nf1 Rde8 22.Bd3 Rf6
23.f4 Bxf4 24.Bxf4 Rxf4 25.Bxg6 Re7 26.Qd2 Rxf1+ 27.Rxf1 Qxg6 28.h4 e5 29.dxe5 Ncxe5
30.Rae1 a6 31.Re2 Kb8 32.Rfe1 Nc4 33.Qf4 Rxe2 34.Rxe2 Nc5 35.Re7 Nd6 36.Kh2 Qc2
37.Qf8+ Nc8 38.Qd8 d4 39.Nf3 Ne6 40.Rxe6 Bxf3 41.Qg5 d3  0-1

[Event "49th WJun"]
[Site "Chotowa POL"]
[Date "2010.08.12"]
[Round "9"]
[White "Botta,Ga"]
[Black "Bajarani,U"]
[Result "1/2-1/2"]
[WhiteElo "2302"]
[BlackElo "2409"]

1.e4 e6 2.d4 d5 3.Nd2 Be7 4.Ngf3 Nf6 5.e5 Nfd7 6.Bd3 c5 7.c3 b6 8.Qc2 a5
9.O-O Ba6 10.Re1 Bxd3 11.Qxd3 Nc6 12.Nf1 c4 13.Qe3 b5 14.Qf4 Nb6 15.Qg4 g6
16.Bg5 h6 17.Bxe7 Qxe7 18.N3d2 Kd7 19.b3 h5 20.Qe2 b4 21.bxc4 bxc3 22.cxd5 Nxd5
23.Ne4 Rhb8 24.Ne3 Rb2 25.Qd3 Ncb4 26.Qb5+ Nc6 27.Qd3 Ncb4  1/2-1/2

[Event "14th HZ Open"]
[Site "Vlissingen NED"]
[Date "2010.08.12"]
[Round "7"]
[White "Van Veen,O"]
[Black "Sparreboom,W"]
[Result "1-0"]
[WhiteElo "2199"]
[BlackElo "1974"]

1.e4 e6 2.d4 d5 3.Nd2 Be7 4.Ngf3 c5 5.exd5 exd5 6.Bb5+ Bd7 7.Bxd7+ Nxd7 8.O-O Ngf6
9.dxc5 Nxc5 10.Nb3 O-O 11.Be3 Qc7 12.Nfd4 Nfe4 13.Nf5 Bf6 14.Nxc5 Nxc5 15.Bd4 Bxd4
16.Nxd4 Rfe8 17.Qd2 Ne4 18.Qd3 Re5 19.Nf3 Rf5 20.Rfe1 Rc8 21.Rad1 h5 22.Re2 Qf4
23.h3 g5 24.Nd4 Rf6 25.Qf3 Qc7 26.Qxh5 Kg7 27.g3 Qb6 28.c3 Qa6 29.Rxe4 dxe4
30.Qxg5+ Kf8 31.Nf5 Rxf5 32.Qxf5 Re8 33.Rd7 Qxa2 34.Qh7  1-0

[Event "14th HZ Open"]
[Site "Vlissingen NED"]
[Date "2010.08.13"]
[Round "8"]
[White "Haslinger,S"]
[Black "Nijs,N"]
[Result "1-0"]
[WhiteElo "2552"]
[BlackElo "2250"]

1.e4 e6 2.d4 d5 3.Nd2 Be7 4.Bd3 c5 5.dxc5 Nf6 6.Qe2 O-O 7.Ngf3 a5 8.O-O Na6
9.e5 Nd7 10.c3 Naxc5 11.Bc2 b6 12.Re1 Ba6 13.Qe3 f6 14.exf6 Bxf6 15.Nb3 Qc7
16.Ng5 Bxg5 17.Qxg5 e5 18.Nxc5 bxc5 19.f4 Rae8 20.Bd2 Qd6 21.fxe5 Rxe5 22.Qh4 h6
23.Qg3 Qf6 24.h3 Rfe8 25.Bb3 Nb6 26.Rxe5 Rxe5 27.Re1 Rxe1+ 28.Bxe1 Qf1+ 29.Kh2 Bd3
30.Qf2 Qxf2 31.Bxf2 a4 32.Bd1 Nc4 33.b3 Nb2 34.Bf3 Be4 35.Bxc5 axb3 36.axb3 Bxf3
37.gxf3 Kf7 38.Kg3 g6 39.f4 Ke6 40.Kf3 Nd3 41.Bf8 h5 42.Ke3 Ne1 43.Bh6 Kd6
44.Ke2  1-0

[Event "14th HZ Open"]
[Site "Vlissingen NED"]
[Date "2010.08.13"]
[Round "8"]
[White "Fedorchuk,S"]
[Black "Zaragatski,I"]
[Result "1/2-1/2"]
[WhiteElo "2665"]
[BlackElo "2472"]

1.e4 e6 2.d4 d5 3.Nd2 Nc6 4.Ngf3 Nf6 5.e5 Nd7 6.Nb3 Be7 7.Bf4 a5 8.c3 b6
9.Nc1 Ncb8 10.h4 h6 11.Rh3 c5 12.Bb5 Ba6 13.a4 Qc8 14.Ne2 Nc6 15.Rg3 Bf8
16.h5 Na7 17.Bd3 Nc6 18.Bb5 Na7 19.Bd3 Nc6 20.Rc1 Bxd3 21.Qxd3 Qa6 22.Qd1 Rc8
23.Kf1 Ne7 24.Nh4 Rg8 25.c4 cxd4 26.cxd5 Rxc1 27.Bxc1 d3 28.Rxd3 Nxd5 29.Rxd5 exd5
30.Qxd5 Nc5 31.Qc6+ Kd8 32.Qd5+ Ke8 33.Qc6+ Kd8 34.Be3 Qb7 35.Qb5 Qa6 36.Qxa6 Nxa6
37.Bxb6+ Kd7 38.Bxa5 Bb4 39.Bxb4 Nxb4 40.f4 Nd3 41.Nf5 f6 42.exf6 Ke6 43.Nfd4+ Kxf6
44.b3 Rb8 45.Nc3 Nxf4 46.Ne4+ Kf7 47.Nd6+ Kf6 48.Ne4+ Kf7 49.Nd6+ Kf6 50.Ne4+ Kf7
51.Nd6+ Kf6  1/2-1/2

[Event "Negroponte Open"]
[Site "Chalkis GRE"]
[Date "2010.08.14"]
[Round "6"]
[White "Pourkashiyan,A"]
[Black "Rychagov,A"]
[Result "0-1"]
[WhiteElo "2308"]
[BlackElo "2538"]

1.e4 e6 2.d4 d5 3.Nd2 Be7 4.Bd3 c5 5.dxc5 Nf6 6.Qe2 a5 7.Ngf3 Na6 8.e5 Nd7
9.c4 Ndxc5 10.Bb1 b6 11.cxd5 Qxd5 12.O-O Nb4 13.Nc4 Ba6 14.b3 Rd8 15.Ba3 O-O
16.Bxb4 axb4 17.Bc2 Na4 18.Qe3 Qc5 19.Qe4 g6 20.Rfe1 Nc3 21.Qg4 Bb7 22.Re3 b5
23.Nb2 Bxf3 24.Qxf3 Rd2 25.Nd3 Qd4 26.Rc1 Bg5 27.Ree1 Rd8 28.Nxb4 Qxb4 29.a3 Qd4
30.Bxg6 hxg6 31.Rxc3 Rd1 32.Rf1 Rxf1+ 33.Kxf1 Bd2  0-1

[Event "28th WJun Girls"]
[Site "Chotowa POL"]
[Date "2010.08.14"]
[Round "11"]
[White "Labedz,P"]
[Black "Baciu,D"]
[Result "1-0"]
[WhiteElo "2076"]
[BlackElo "2127"]

1.e4 e6 2.d4 d5 3.Nd2 Be7 4.Bd3 c5 5.dxc5 Nf6 6.Qe2 O-O 7.Ngf3 a5 8.O-O Na6
9.e5 Nd7 10.c3 Naxc5 11.Bc2 b6 12.Re1 Ba6 13.Qe3 Qc7 14.Nd4 a4 15.Qh3 g6
16.N2f3 Rfe8 17.Ng5 Nf8 18.Bf4 Rec8 19.Qh6 a3 20.Re3 axb2 21.Rb1 Ncd7 22.h4 Bc5
23.Ngf3 Nb8 24.h5 Ra7 25.Rxb2 Nc6 26.Bg5 Nd7 27.hxg6 hxg6 28.Bxg6 Nf8 29.Bc2 f6
30.Bxf6  1-0

[Event "49th WJun"]
[Site "Chotowa POL"]
[Date "2010.08.14"]
[Round "11"]
[White "Ashwin,J"]
[Black "Larmuseau,Mi"]
[Result "1-0"]
[WhiteElo "2454"]
[BlackElo "2068"]

1.e4 e6 2.d4 d5 3.Nd2 Be7 4.c3 c5 5.dxc5 Bxc5 6.Bd3 Nf6 7.Qe2 dxe4 8.Nxe4 Nxe4
9.Bxe4 Nd7 10.Nf3 O-O 11.Bg5 Be7 12.h4 f6 13.O-O-O Qe8 14.Qc2 f5 15.Bd3 Nc5
16.Ne5 Bf6 17.Qe2 Qa4 18.Kb1 Nxd3 19.Nxd3 Qb5 20.Bxf6 gxf6 21.Qe3 e5 22.f4 e4
23.Nc5 b6 24.Nb3 Be6 25.Nd4 Qd5 26.Nb3 Qb5 27.Nd4 Qd5 28.b3 b5 29.h5 Kh8
30.Nc2 Qc6 31.Nd4 Qb6 32.Nc2 Qc6 33.Qd4 Rad8 34.Qxd8 Rxd8 35.Rxd8+ Kg7 36.Nd4 Qb6
37.Re8 Bg8 38.Nxf5+ Kf7 39.Re7+ Kf8 40.Rd1 Be6 41.Rb7 Qa5 42.Nd4  1-0